MARC

Tag First Indicator Second Indicator Subfields
LEADER 00000cam a2200000Ii 4500
001 in00004537372
005 20210405152859.0
006 m d
007 cr cn|||||||||
008 110124s2021 stka ob 000 0 eng d
020 |a 9780323674645  |q electronic book 
020 |a 032367464X  |q electronic book 
020 |a 9780323674638  |q electronic book 
020 |a 0323674631  |q electronic book 
020 |z 9780323674621  |q hardcover 
020 |z 0323674623  |q hardcover 
035 |a (OCoLC)on1232929113 
035 |a (OCoLC)1232929113 
040 |a LGG  |b eng  |e rda  |e pn  |c LGG  |d LGG  |d INM  |d OCLCO  |d USU  |d MMU  |d TMV  |d UtOrBLW 
049 |a TMVM 
050 4 |a RJ386 
060 4 |a WD 300  |b P371 2021eb 
245 0 0 |a Pediatric allergy :  |b principles and practice /  |c [edited by] Donald Y.M. Leung, Cezmi A. Akdis, Leonard B. Bacharier, Charlotte Cunningham-Rundles, Scott H. Sicherer, Hugh A. Sampson. 
250 |a Fourth edition. 
264 1 |a [Edinburgh] :  |b Elsevier,  |c [2021] 
264 4 |c ©2021 
300 |a 1 online resource :  |b illustrations (chiefly color) 
336 |a text  |b txt  |2 rdacontent 
337 |a computer  |b c  |2 rdamedia 
338 |a online resource  |b cr  |2 rdacarrier 
500 |a Electronic resource. 
500 |a Description based on opening page (viewed Feb 23, 2021). 
504 |a Includes bibliographical references. 
505 0 |a Epidemiology of allergic diseases -- Natural history of allergic diseases and asthma -- The genetics of allergic disease and asthma -- Approach to the child with recurrent infections and molecular diagnosis -- Primary antibody deficiency -- T cell immunodeficiencies -- Complement deficiencies -- Defects of innate immunity -- Congenital immune dysregulation disorders -- Immunoglobulin therapy -- Hematopoietic stem cell therapies -- Diagnosis of human allergic disease -- Outdoor allergens -- Indoor allergens -- Environmental control -- Immunotherapy for allergic disease -- Allergic rhinitis -- Sinusitis -- Chronic cough -- Immunology of the asthmatic response -- Lung function testing in children -- Infections and asthma in childhood -- Special considerations for infants and young children -- Inner city asthma : strategies to reduce mortality and morbidity -- Asthma in older children : special considerations -- Collaborating with schools to support children with asthma -- Refractory childhood asthma : assessment and management -- Promoting adherence and self-management -- Strategies for the primary prevention of asthma -- Mucosal immunology : an overview -- Evaluation of food allergy -- Approach to feeding problems in the infant and young child -- Enterocolitis, proctocolitis, and enteropathies -- Eosinophilic gastrointestinal diseases -- Management of food allergy -- Prevention of food allergy -- Immunotherapeutic approaches to the treatment of food allergy -- Evaluation and management of atopic dermatitis -- Urticaria and angioedema -- Contact dermatitis -- Allergic and immunologic eye disease -- Drug allergy -- Insect sting allergy -- Anaphylaxis : assessment and management -- Mast cell disease and hypereosinophilic diseases. 
588 |a Description based on online resource; title from electronic title page (ClinicalKey, viewed on February 3, 2021). 
650 0 |a Allergy in children.  |0 http://id.loc.gov/authorities/subjects/sh85099138 
650 0 |a Immunologic diseases in children.  |0 http://id.loc.gov/authorities/subjects/sh85064572 
650 2 |a Immune System Diseases  |x physiopathology.  |0 (DNLM)D007154Q000503  |0 https://id.nlm.nih.gov/mesh/D007154Q000503 
650 2 |a Child.  |0 (DNLM)D002648  |0 https://id.nlm.nih.gov/mesh/D002648 
650 2 |a Immune System Diseases  |x epidemiology.  |0 (DNLM)D007154Q000453  |0 https://id.nlm.nih.gov/mesh/D007154Q000453 
650 2 |a Immune System Diseases  |x therapy.  |0 (DNLM)D007154Q000628  |0 https://id.nlm.nih.gov/mesh/D007154Q000628 
650 2 |a Immunity  |x physiology.  |0 (DNLM)D007109Q000502  |0 https://id.nlm.nih.gov/mesh/D007109Q000502 
655 7 |a Ebooks.  |2 local 
655 7 |a Electronic books.  |2 local 
700 1 |a Leung, Donald Y. M.,  |d 1949-  |e editor.  |0 http://id.loc.gov/authorities/names/n95802371 
700 1 |a Akdis, Cezmi A.,  |e editor.  |0 http://id.loc.gov/authorities/names/n99254097 
700 1 |a Bacharier, Leonard B.,  |e director.  |0 http://id.loc.gov/authorities/names/nb2004313556 
700 1 |a Cunningham-Rundles, Charlotte,  |e editor. 
700 1 |a Sicherer, Scott H.,  |e editor.  |0 http://id.loc.gov/authorities/names/no2005075304 
700 1 |a Sampson, Hugh A.,  |e editor.  |0 http://id.loc.gov/authorities/names/n89230741 
710 2 |a Elsevier Science (Firm)  |0 http://id.loc.gov/authorities/names/no99049782 
730 0 |a ClinicalKey. 
856 4 0 |u http://proxy.library.tamu.edu/login?url=https://www.clinicalkey.com/dura/browse/bookChapter/3-s2.0-C20170040612  |z Connect to the full text of this electronic book.  |t 0 
999 |a MARS 
999 f f |s 7110c6cc-9d50-32b9-abda-3b3c32a4488d  |i 11356e38-9d33-3102-a571-6ea5d7eba8ed  |t 0 
952 f f |a Texas A&M University  |b College Station  |c Electronic Resources  |d Available Online  |t 0  |e WD 300 P371 2021eb  |h National Library of Medicine classification 
998 f f |a WD 300 P371 2021eb  |t 0  |l Available Online